[Event "6th Dvorkovich Cup"]
[Site "Moscow RUS"]
[Date "2011.06.27"]
[Round "4.6"]
[White "Wei Yi"]
[Black "Bortnik,N"]
[Result "1/2-1/2"]
[WhiteElo "2286"]
[BlackElo "2302"]

1.e4 Nf6 2.e5 Nd5 3.d4 d6 4.Nf3 dxe5 5.Nxe5 c6 6.Be2 Bf5 7.O-O Nd7 8.Nf3 N7f6
9.a3 Qd6 10.g3 g6 11.c4 Nc7 12.Qb3 Rb8 13.Bf4 Qd8 14.Rd1 Bg7 15.d5 cxd5 16.Nc3 O-O
17.Nb5 Nxb5 18.Bxb8 Qxb8 19.Qxb5 a6 20.Qb4 dxc4 21.Nd4 Be4 22.Qxc4 Rc8 23.Qb4 e5
24.Nf3 Bf8 25.Qe1 Bc5 26.Rac1 Bf5 27.b4 Ba7 28.Rxc8+ Qxc8 29.Nxe5 Ne4 30.Nd3 Ng5
31.Qd2 h6 32.Nc5 Qc6 33.Qd5 Qb6 34.Qd8+ Kh7 35.Qxb6 Bxb6 36.h4 Bxc5 37.hxg5 Be7
38.gxh6 Kxh6 39.Rc1 Bd8 40.Bf3 b6 41.Bd5 Kg7 42.Kg2 Kf8 43.Kf3 Bd7 44.Rd1 Ba4
45.Rd3 Bf6 46.Bb3 Bc6+ 47.Ke3 Ke7 48.f4 Bb5 49.Rd1 g5 50.a4 Bc6 51.Rc1 Bd7
52.Rc7 Kd6 53.Ra7 gxf4+ 54.gxf4 Bc8 55.Rxf7 Bc3 56.Rf8 Bd7 57.a5 bxa5 58.bxa5 Bb5
59.Ra8 Bxa5 60.Bc2 Bb6+ 61.Kd2 Ba5+ 62.Kd1 Bc3 63.Be4 a5 64.Kc2 Bb4 65.Bd3 Ba4+
66.Kb2 Bc6 67.Rh8 a4 68.Rh6+ Kc5 69.Bc2 Bd2 70.Rf6 Bb5 71.f5 Kb4 72.Re6 a3+
73.Kb1 Bc4 74.Rb6+ Kc3 75.Rc6 Kb4 76.Rb6+ Kc5 77.Rb3  1/2-1/2

[Event "6th Dvorkovich Cup"]
[Site "Moscow RUS"]
[Date "2011.06.28"]
[Round "5.14"]
[White "Wei Yi"]
[Black "Oparin,G"]
[Result "1/2-1/2"]
[WhiteElo "2286"]
[BlackElo "2368"]

1.e4 c5 2.Nf3 d6 3.d4 cxd4 4.Nxd4 Nf6 5.Nc3 a6 6.Be3 e6 7.f3 b5 8.g4 Nfd7
9.Qd2 Nb6 10.a4 Nc4 11.Bxc4 bxc4 12.a5 Nd7 13.Na4 Qc7 14.Nb6 Rb8 15.Ne2 Ne5
16.O-O Be7 17.h3 O-O 18.Qc3 g5 19.Bd4 Bd7 20.Ng3 f6 21.Rad1 Bb5 22.Kh1 Qc6
23.Nh5 Rf7 24.Rde1 Re8 25.f4 gxf4 26.Nxf4 Bd8 27.Nh5 Qb7 28.Rf2 Bc6 29.Qe3 f5
30.gxf5 exf5 31.Rg1+ Kh8 32.Nxc4 Bxe4+ 33.Kh2 Qd5 34.Nd2 Bxc2 35.Nf4 Qc6
36.Nh5 Qd5 37.Nf4 Qc6 38.Nh5 Qd5 39.Nf4 Qc6 40.Nh5  1/2-1/2

[Event "6th Dvorkovich Cup"]
[Site "Moscow RUS"]
[Date "2011.06.28"]
[Round "6.14"]
[White "Oparin,G"]
[Black "Wei Yi"]
[Result "0-1"]
[WhiteElo "2368"]
[BlackElo "2286"]

1.e4 c5 2.Nf3 d6 3.d4 cxd4 4.Nxd4 Nf6 5.Nc3 a6 6.a4 g6 7.Be2 Bg7 8.O-O O-O
9.Be3 Nc6 10.Qd2 Bd7 11.Rfd1 Qc7 12.f3 Rac8 13.Bf1 Na5 14.Qf2 Nc4 15.Bc1 Qc5
16.b3 Ne5 17.Bb2 Neg4 18.Qe1 e5 19.fxg4 exd4 20.Ne2 d3+ 21.Bd4 dxe2 22.Bxc5 exd1=Q
23.Rxd1 Rxc5 24.Rxd6 Bxg4 25.Bd3 Re5 26.Qh4 Nxe4 27.Rd4 Rh5  0-1

[Event "6th Dvorkovich Cup"]
[Site "Moscow RUS"]
[Date "2011.06.30"]
[Round "7.2"]
[White "Wei Yi"]
[Black "Grib,R"]
[Result "1-0"]
[WhiteElo "2286"]
[BlackElo "2283"]

1.e4 d5 2.exd5 Qxd5 3.Nc3 Qa5 4.d4 Nf6 5.Bd2 Qb6 6.Nf3 Bg4 7.h3 Bxf3 8.Qxf3 Nc6
9.d5 Nb4 10.O-O-O O-O-O 11.Be3 Qa5 12.Bc4 Na6 13.Nb5 Nb4 14.a3 e6 15.dxe6 Be7
16.exf7 a6 17.Nd4 Kb8 18.Nb3 Na2+ 19.Kb1 Qa4 20.Bc5 Qxc4 21.Bxe7 Rxd1+ 22.Rxd1  1-0

[Event "6th Dvorkovich Cup"]
[Site "Moscow RUS"]
[Date "2011.06.30"]
[Round "8.2"]
[White "Grib,R"]
[Black "Wei Yi"]
[Result "1/2-1/2"]
[WhiteElo "2283"]
[BlackElo "2286"]

1.c4 Nf6 2.Nc3 e6 3.d4 Bb4 4.Qc2 O-O 5.Nf3 d5 6.a3 Bxc3+ 7.Qxc3 dxc4 8.Qxc4 b6
9.g3 Bb7 10.Bg2 Nbd7 11.O-O Rc8 12.Qa4 a6 13.Rd1 b5 14.Qb4 Be4 15.Bg5 h6
16.Bxf6 Nxf6 17.Rac1 Qd6 18.Qc3 Rfd8 19.b4 a5 20.bxa5 c5 21.Qb3 c4 22.Qxb5 c3
23.Qb4 Qc7 24.Ne5 Nd5 25.Qb5 c2 26.Re1 Nc3 27.Qb3 Rxd4 28.Nd3 Nxe2+ 29.Rxe2 Rxd3
30.Qb4 Bxg2 31.Rexc2 Rd1+ 32.Kxg2 Rxc1 33.Rxc7 R1xc7 34.Qb6 Rc6 35.Qb7 R6c7
36.Qb6 Rc6 37.Qb7 R6c7 38.Qb6 Re7 39.Qa6 Rb8 40.Qd6 Rc8 41.Qa6 Rd8  1/2-1/2

[Event "6th Dvorkovich Cup"]
[Site "Moscow RUS"]
[Date "2011.07.01"]
[Round "9.14"]
[White "Igambergenov,A"]
[Black "Wei Yi"]
[Result "0-1"]
[WhiteElo "2255"]
[BlackElo "2286"]

1.d4 Nf6 2.c4 e6 3.Nf3 d5 4.Nc3 Bb4 5.e3 O-O 6.Bd3 c5 7.O-O Nc6 8.a3 Ba5
9.cxd5 exd5 10.dxc5 Bxc3 11.bxc3 Qa5 12.Qb3 Qxc5 13.a4 Na5 14.Qb4 Qc7 15.Ba3 Bd7
16.Qh4 Rfe8 17.Bb4 h6 18.Nd4 Nc4 19.Nb5 Bxb5 20.axb5 Ne4 21.Qh5 Re5 22.Qe2 a5
23.bxa6 bxa6 24.Rfd1 a5 25.Bxc4 dxc4 26.f3 Rae8 27.Bxa5 Rxa5 28.fxe4 Rxe4
29.Qf3 Rae5 30.Ra8+ Kh7 31.Rdd8 Rxe3 32.Rh8+ Kg6 33.Qg4+ Rg5 34.Qd1 Qe5 35.Rae8 Qxe8
36.Rxe8 Rxe8 37.Qb1+ f5 38.h4 Rg4 39.h5+ Kg5 40.Qb7 Re2 41.Qxg7+ Kh4 42.Qf6+ Rg5
43.Qd4+ Kxh5 44.Qxc4 Rexg2+ 45.Kf1 R2g4 46.Qf7+ Kh4 47.Qf6 h5 48.Qd6 Kh3
49.c4 Re4 50.c5 Rgg4 51.Qd3+ Rg3 52.Qd1 Rgg4 53.Qd3+ Kh2 54.Qd2+ Kh1  0-1

[Event "6th Dvorkovich Cup"]
[Site "Moscow RUS"]
[Date "2011.07.01"]
[Round "10.14"]
[White "Wei Yi"]
[Black "Igambergenov,A"]
[Result "1-0"]
[WhiteElo "2286"]
[BlackElo "2255"]

1.e4 e5 2.Nf3 Nc6 3.Nc3 g6 4.d4 exd4 5.Nxd4 Bg7 6.Be3 Nge7 7.Qd2 O-O 8.O-O-O d6
9.h4 f5 10.Bc4+ Kh8 11.Nxc6 bxc6 12.h5 fxe4 13.hxg6 Nxg6 14.Nxe4 d5 15.Ng5 Kg8
16.Rxh7 Bf5 17.Bb3 Ne5 18.Rxg7+ Kxg7 19.Bd4 Kg6 20.Nh7 Rh8 21.Bxe5 Rxh7 22.Qc3 Qe8
23.Qg3+ Kf7 24.Qf4 Ke6 25.g4 Bg6 26.Rxd5 cxd5 27.Qf6+ Kd7 28.Ba4+ Kc8 29.Qa6+ Kb8
30.Bxe8 Bxe8 31.g5 Rh1+ 32.Kd2 Rg1 33.Bg3 Rh1 34.g6 Rh6 35.Qa5 Kb7 36.Qxc7+ Ka6
37.Qd6+ Kb7 38.Qe7+ Ka6 39.g7 Bc6 40.Qg5  1-0

[Event "6th Dvorkovich Cup"]
[Site "Moscow RUS"]
[Date "2011.07.02"]
[Round "11.6"]
[White "Wei Yi"]
[Black "Tilicheev,V"]
[Result "1/2-1/2"]
[WhiteElo "2286"]
[BlackElo "2361"]

1.e4 c5 2.Nf3 d6 3.d4 cxd4 4.Nxd4 Nf6 5.Nc3 Nc6 6.Bc4 e6 7.Be3 Be7 8.Qe2 O-O
9.O-O-O a6 10.Bb3 Qe8 11.f3 Nd7 12.g4 Nc5 13.Kb1 b5 14.Nxc6 Qxc6 15.Nd5 Bd8
16.Nb4 Qc7 17.Nd3 Nxb3 18.cxb3 a5 19.Rc1 Qb7 20.e5 dxe5 21.Nxe5 Bf6 22.Bc5 Rd8
23.Rhd1 Bd7 24.Bb6 Bxe5 25.Bxd8 Bf4 26.Qe4 Qxe4+ 27.fxe4 Bxc1 28.Rxd7 Bf4
29.Bxa5 h5 30.Bc7 Bxc7 31.Rxc7 hxg4 32.Rc5 g6 33.Rxb5 f5 34.exf5 gxf5 35.a4 Kf7
36.a5 f4 37.Kc2 Kf6 38.Kd3 Rg8 39.Ke2 Rh8 40.a6 Rxh2+ 41.Kd3 Rxb2 42.b4 f3
43.Rb8 f2 44.Rf8+ Ke5 45.a7 Ra2 46.Rxf2 Rxa7 47.Re2+ Kd5 48.Ke3 Ra4 49.Rb2 e5
50.b5 Ra3+ 51.Kf2 Rf3+ 52.Kg2 Rf8 53.b6 e4 54.b7 Rb8 55.Kg3 e3 56.Kxg4 Ke4
57.Rb4+ Kd3 58.Rb3+ Kd2 59.Kf3 Rf8+ 60.Ke4 e2 61.Rb2+ Kd1 62.Rxe2 Kxe2 63.Kd5 Rb8
64.Kc6 Rxb7 65.Kxb7  1/2-1/2

[Event "6th Dvorkovich Cup"]
[Site "Moscow RUS"]
[Date "2011.07.02"]
[Round "12.6"]
[White "Tilicheev,V"]
[Black "Wei Yi"]
[Result "1-0"]
[WhiteElo "2361"]
[BlackElo "2286"]

1.e4 c5 2.Nf3 d6 3.d4 cxd4 4.Nxd4 Nf6 5.Nc3 a6 6.Bg5 e6 7.f4 Qb6 8.Qd2 Qxb2
9.Rb1 Qa3 10.e5 dxe5 11.fxe5 Nfd7 12.Ne4 h6 13.Bh4 Qxa2 14.Rd1 Qd5 15.Qe3 Qxe5
16.Be2 Bc5 17.Bg3 Bxd4 18.Rxd4 Qa5+ 19.Rd2 O-O 20.Bd6 Rd8 21.Qg3 Nc6 22.Bc7 Qb4
23.Nd6 Nf6 24.c3 Qc5 25.Bxd8 Nxd8 26.Rf1 Kf8 27.Rxf6 gxf6 28.Ne4 Qg1+ 29.Bf1 Qb6
30.Nxf6 Nc6 31.Nh7+  1-0

[Event "6th Dvorkovich Cup"]
[Site "Moscow RUS"]
[Date "2011.07.03"]
[Round "13.10"]
[White "Orujov,S"]
[Black "Wei Yi"]
[Result "0-1"]
[WhiteElo "2168"]
[BlackElo "2286"]

1.e4 c5 2.Nf3 d6 3.d4 cxd4 4.Nxd4 Nf6 5.Nc3 a6 6.Be2 e5 7.Nb3 Be7 8.Bg5 Be6
9.Bxf6 Bxf6 10.Qd3 Nc6 11.Rd1 Nb4 12.Qxd6 Nxc2+ 13.Kf1 Qxd6 14.Rxd6 Be7 15.Rd1 Nb4
16.Nc1 O-O 17.g4 Rfd8 18.Kg2 Bg5 19.a3 Nc6 20.Nd5 Nd4 21.Bf3 h5 22.h3 Rac8
23.Nc3 Bxc1 24.Rxc1 Nxf3 25.Kxf3 Rd3+ 26.Ke2 Rcd8 27.Rhd1 Rxd1 28.Nxd1 hxg4
29.hxg4 Bxg4+ 30.f3 Be6 31.Ne3 f6 32.Rc3 Kf7 33.Rc1 Rc8 34.Rd1 Rh8 35.Rd2 Rh2+
36.Kd3 Rxd2+ 37.Kxd2 Ke7 38.Kd3 Kd6 39.Kc3 Kc5 40.b3 Kc6 41.Kc2 Kd7 42.Kc3 Bf7
43.Nf1 Bh5 44.Nd2 Ke6 45.Kd3 Be8 46.Ke3 g6 47.Nc4 Bb5 48.Nd2 Kd6 49.b4 Bd7
50.Nb1 Be6 51.Nc3 Bc4 52.Nb1 Kc6 53.Nc3 Be6 54.Kd3 Bb3 55.Ke3 Bc4 56.Kd2 f5
57.exf5 gxf5 58.Ke3 f4+ 59.Kd2 Bd5 60.Ke2 Kd6 61.Kf2 Bc6 62.Ke2 Ke6 63.a4 Kd6
64.a5 Ke6 65.Kf2 Bb5 66.Ke1 Kf5 67.Kf2 Bd3 68.Ke1 e4 69.fxe4+ Ke5 70.Kd2 Bb5
71.Ke1 Kd4 72.Kd2 f3 73.Nd1 Kxe4 74.Nf2+ Kd4 75.Ng4 Bc6 76.Ne3 Be4 77.Ng4 Kc4
78.Ke3 Bc6  0-1

[Event "6th Dvorkovich Cup"]
[Site "Moscow RUS"]
[Date "2011.07.03"]
[Round "14.10"]
[White "Wei Yi"]
[Black "Orujov,S"]
[Result "1-0"]
[WhiteElo "2286"]
[BlackElo "2168"]

1.e4 e5 2.Nf3 Nc6 3.Nc3 Nf6 4.Bb5 Bb4 5.O-O O-O 6.d3 d6 7.Bg5 Bxc3 8.bxc3 Bd7
9.Re1 a6 10.Ba4 h6 11.Bh4 Ne7 12.Bxd7 Nxd7 13.d4 Qe8 14.Bg3 Ng6 15.h4 Qe6
16.h5 Ne7 17.Nh4 Nb6 18.f4 f6 19.f5 Qf7 20.Ng6 Rfd8 21.Bf2 Nd7 22.Qg4 Nf8
23.Be3 Nexg6 24.hxg6 Qe7 25.d5 Nd7 26.Kf2 Kf8 27.Rh1 Ke8 28.Bxh6 Nf8 29.Be3 Kd7
30.Rh8 c5 31.dxc6+ Kxc6 32.Qe2 Nd7 33.Qc4+ Nc5 34.Qd5+ Kc7 35.Rh7 Rd7 36.Rb1 Rb8
37.Rbh1 Qf8 38.g4 Qg8 39.Qxg8 Rxg8 40.Kf3 Na4 41.Bd2 Nb6 42.Rh8 Rdd8 43.Rxg8 Rxg8
44.g5 Nd7 45.gxf6 Nxf6 46.Bg5 Ne8 47.Rh7 Kc6 48.Be7 d5 49.Ke3 Kd7 50.f6 gxf6
51.Bf8+ Kc6 52.g7 dxe4 53.Kxe4 b5 54.Kf5 Kd5 55.Kg6 Nxg7 56.Bxg7 Rc8 57.Rh3 a5
58.Bxf6 Rc4 59.Re3 e4 60.Kf5 Ra4 61.Re1 Rxa2 62.Rd1+ Kc5 63.Kxe4 Rxc2 64.Kd3 Rh2
65.Bd4+ Kd5 66.Rb1 Rh3+ 67.Be3 Kc6 68.Rg1 a4 69.Rg6+ Kc7 70.Rg5 a3 71.Rxb5 Rh1
72.Ra5 Ra1 73.Kc2 a2 74.Kb2  1-0

[Event "Chinese League"]
[Site "Shenzhen CHN"]
[Date "2011.07.10"]
[Round "8"]
[White "Chen Fan"]
[Black "Wei Yi"]
[Result "1-0"]
[WhiteElo "2345"]
[BlackElo "2270"]

1.e4 c5 2.Nf3 d6 3.c3 Nf6 4.Be2 g6 5.O-O Bg7 6.Bb5+ Bd7 7.Bxd7+ Qxd7 8.Re1 Nc6
9.d4 e5 10.dxc5 dxc5 11.Qxd7+ Nxd7 12.Na3 O-O 13.Be3 Rfd8 14.Bc1 Rf8 15.Be3 Rfd8
16.Rad1 Nf6 17.Rxd8+ Rxd8 18.Bg5 Nd7 19.Be3 Nf6 20.Bg5 Rd7 21.Nc4 Ne8 22.a4 Nc7
23.Be3 Ne6 24.Ng5 Nxg5 25.Bxg5 f5 26.f3 f4 27.Kf1 Kf7 28.Bh4 Ke6 29.Ke2 b6
30.Ra1 Rb7 31.Kd3 Bf6 32.Bf2 Bd8 33.Kc2 Bc7 34.Rd1 Rb8 35.Na3 Rd8 36.Rb1 Rd7
37.Nc4 Bd8 38.Ra1 Rb7 39.Be1 Rb8 40.Bd2 Bc7 41.Rg1 a6 42.Ra1 b5 43.axb5 axb5
44.Ra6 Kd7 45.Na3 Bd6 46.c4 Nd4+ 47.Kd3 b4 48.Nb5 Nc6 49.Be1 Bc7 50.Bf2 Bb6
51.Kc2 Na5 52.Bxc5 Nxc4 53.Bxb6 Nxb6 54.Kb3 Kc6 55.Kxb4 g5 56.h3 Ra8 57.Rxa8 Nxa8
58.Na3 Nb6 59.Ka5 h6 60.b4 h5 61.Ka6 Kc7 62.Kb5 Nd7 63.Nc4 Kb7 64.Nd6+ Kc7
65.Nf7  1-0

[Event "Chinese League"]
[Site "Chaongqing CHN"]
[Date "2011.08.11"]
[Round "10"]
[White "Wei Yi"]
[Black "Wang Rui"]
[Result "1/2-1/2"]
[WhiteElo "2270"]
[BlackElo "2437"]

1.e4 e5 2.Nf3 Nc6 3.Nc3 Nf6 4.Bb5 Bb4 5.O-O O-O 6.d3 d6 7.Bg5 Bxc3 8.bxc3 Bd7
9.Re1 h6 10.Bh4 a6 11.Ba4 Ne7 12.Bxd7 Nxd7 13.d4 Qe8 14.Bg3 f6 15.h3 Qf7
16.Qd3 Rfd8 17.Nh2 g5 18.h4 Kg7 19.Qf3 Nb6 20.Ng4 Nc4 21.Qe2 Rab8 22.Rad1 h5
23.hxg5 fxg5 24.Ne3 Nxe3 25.Qxe3 Qf6 26.dxe5 dxe5 27.Qc5 Nc6 28.Rd5 b6 29.Qc4 h4
30.Bh2 Rf8 31.Rd7+ Kg6 32.Qe2 Rf7 33.Red1 Rbf8 34.f3 a5 35.Qc4 Kh5 36.Kh1 Kh6
37.R7d3 Kg6 38.Qb5 Qe6 39.Qd5 Qf6 40.Qb5 Qe6 41.Qd5 Qf6 42.Qb5  1/2-1/2

[Event "1st Qinhuangdao Open"]
[Site "Qinhuangdao CHN"]
[Date "2011.10.02"]
[Round "3"]
[White "Wei Yi"]
[Black "Ma,Zhonghan"]
[Result "1/2-1/2"]
[WhiteElo "2299"]
[BlackElo "2394"]

1.e4 e5 2.Nf3 Nf6 3.Nxe5 d6 4.Nf3 Nxe4 5.d4 d5 6.Bd3 Nc6 7.O-O Be7 8.c4 Nb4
9.Be2 O-O 10.Nc3 Bf5 11.a3 Nxc3 12.bxc3 Nc6 13.cxd5 Qxd5 14.Bf4 Rac8 15.Re1 Rfe8
16.Nd2 Na5 17.Bf3 Qd7 18.Ne4 Bd6 19.Nxd6 cxd6 20.Ra2 h6 21.Rxe8+ Rxe8 22.Re2 Nc4
23.Rxe8+ Qxe8 24.Bxb7 Qb5 25.Bf3 Nxa3 26.Bxd6  1/2-1/2

[Event "1st Qinhuangdao Open"]
[Site "Qinhuangdao CHN"]
[Date "2011.10.03"]
[Round "4"]
[White "Wang Rui"]
[Black "Wei Yi"]
[Result "1/2-1/2"]
[WhiteElo "2432"]
[BlackElo "2299"]

1.d4 Nf6 2.c4 e6 3.Nc3 Bb4 4.e3 O-O 5.Bd3 d5 6.Nf3 c5 7.O-O Nc6 8.a3 Bxc3
9.bxc3 Qc7 10.Bb2 dxc4 11.Bxc4 e5 12.h3 e4 13.Nd2 Bf5 14.Rc1 Rfd8 15.Bb5 Qb6
16.Bxc6 bxc6 17.Rb1 Qc7 18.Rc1 Qb6 19.Rb1 cxd4 20.cxd4 Rd5 21.Qc2 Rc8 22.Rfc1 h6
23.Nf1 Be6 24.a4 Qa6 25.Ba3 Ra5 26.Be7 Nd5 27.Bd6 Nb6 28.Ra1 f5 29.Nd2 Rxa4
30.Rxa4 Qxa4 31.Qxa4 Nxa4 32.Ra1 Nb6 33.Rxa7 Ra8 34.Rxa8+ Nxa8 35.Bc5 Nb6
36.Bd6 Na8 37.Bc5 Nc7 38.h4 Kf7 39.f3 exf3 40.gxf3 Nd5 41.Kf2 Nf6  1/2-1/2

[Event "1st Qinhuangdao Open"]
[Site "Qinhuangdao CHN"]
[Date "2011.10.04"]
[Round "5"]
[White "Wei Yi"]
[Black "Gao Rui"]
[Result "0-1"]
[WhiteElo "2299"]
[BlackElo "2424"]

1.e4 c5 2.Nf3 d6 3.d4 cxd4 4.Nxd4 Nf6 5.Nc3 Nc6 6.Bc4 e6 7.Be3 a6 8.Qe2 Qc7
9.O-O-O Be7 10.Bb3 O-O 11.g4 Nxd4 12.Rxd4 Nd7 13.g5 Nc5 14.h4 b5 15.Kb1 Rb8
16.h5 f5 17.exf5 Rxf5 18.Ne4 Nxb3 19.cxb3 Rb6 20.Ng3 Rf8 21.f4 Rc6 22.Rdd1 b4
23.Rhe1 d5 24.Qd2 a5 25.Ne2 Ra6 26.Nd4 Bd7 27.Qd3 Bc8 28.Qd2 Bd7 29.Qd3 Qb7
30.Bc1 Bc5 31.Re5 Bxd4 32.Qxd4 Qa7 33.Qd3 a4 34.Be3 Qa8 35.Rc1 axb3 36.Qxb3 Bb5
37.Rc7 Bc4 38.Qxb4 Bd3+ 39.Kc1 Rc8 40.Rxc8+ Qxc8+ 41.Bc5 Rc6 42.Kd2 Be4 43.Bd4 Rc2+
44.Ke3 Qa6 45.Qb8+ Rc8 46.Qb3 Qf1 47.Bc3 Qf3+ 48.Kd2 Qxf4+ 49.Kd1 Qf3+ 50.Kd2 Qd3+
51.Kc1 Qe3+ 52.Kd1 Bf3+  0-1

[Event "1st Qinhuangdao Open"]
[Site "Qinhuangdao CHN"]
[Date "2011.10.05"]
[Round "7"]
[White "Zeng,C"]
[Black "Wei Yi"]
[Result "1/2-1/2"]
[WhiteElo "2413"]
[BlackElo "2299"]

1.e4 c5 2.Nf3 d6 3.d4 Nf6 4.Nc3 cxd4 5.Qxd4 a6 6.Be3 Nc6 7.Qd2 Bd7 8.Qd4 Bc8
9.Qd2 Bd7 10.O-O-O Rc8 11.Kb1 b5 12.Nd5 Nxe4 13.Qe1 Nc5 14.Bxc5 dxc5 15.Ne5 Nxe5
16.Qxe5 e6 17.Be2 Bc6 18.c4 bxc4 19.Nb4 Qb6 20.Nxc6 Rxc6 21.Bxc4 Qc7 22.Qxc7 Rxc7
23.Bxa6 g6 24.Rd3 Bg7 25.Rc1 Ke7 26.a4 Rb8 27.Bb5 c4 28.b3 c3 29.Kc2 Bh6
30.Re1 Bd2 31.Re4 Ra7 32.Rc4 f5 33.b4 e5 34.f3 Rb6 35.Bc6 Rxc6 36.Rxc6 Rxa4
37.Rc4 Ra1 38.Rc6 Ra4 39.Rc4 Ra1 40.Rc7+ Ke6 41.Rc6+ Ke7 42.Rc7+ Ke6 43.Rd8 e4
44.fxe4 fxe4 45.Re8+ Kd6 46.Rxc3 Bxc3 47.Kxc3 Kd5  1/2-1/2

[Event "1st Qinhuangdao Open"]
[Site "Qinhuangdao CHN"]
[Date "2011.10.06"]
[Round "8"]
[White "Tan Zhongyi"]
[Black "Wei Yi"]
[Result "1/2-1/2"]
[WhiteElo "2429"]
[BlackElo "2299"]

1.d4 Nf6 2.c4 e6 3.Nf3 d5 4.Nc3 Bb4 5.Bg5 h6 6.Bxf6 Qxf6 7.e3 O-O 8.Bd3 dxc4
9.Bxc4 c5 10.Rc1 cxd4 11.Qxd4 Qxd4 12.Nxd4 Bd7 13.Ke2 Nc6 14.Rhd1 Nb8 15.Rh1 Nc6
16.Rhd1 Rac8 17.Nf3 Rfd8 18.a3 Be7 19.Ba2 Bf6 20.e4 Be8 21.Rxd8 Rxd8 22.Rc2 g5
23.h3 h5 24.g4 hxg4 25.hxg4 Ne5 26.Nxe5 Bxe5 27.Bc4 a6 28.f3 Kg7 29.Nd1 Rc8
30.Bd3 Bc6 31.Ne3 Rh8 32.Nc4 Bc7 33.b3 Kf6 34.a4 Rh2+ 35.Kd1 Rh1+ 36.Ke2 Ke7
37.Ke3 Rh8 38.Ke2 Kd7 39.Rd2 Bf4 40.Rc2 Rh2+ 41.Kd1 Rh1+ 42.Ke2 Bc7 43.Rd2 Bg3
44.Rc2 Kc7 45.Na5 Rh2+ 46.Ke3 Rh1 47.Ke2 Rh2+ 48.Ke3 Rxc2 49.Bxc2 Bd7 50.Nc4 b5
51.axb5 axb5 52.Nb2 Kd6 53.Nd3  1/2-1/2

[Event "1st Qinhuangdao Open"]
[Site "Qinhuangdao CHN"]
[Date "2011.10.07"]
[Round "9"]
[White "Wei Yi"]
[Black "Zhang Xiaowen"]
[Result "1-0"]
[WhiteElo "2299"]
[BlackElo "2387"]

1.e4 e6 2.d4 d5 3.Nd2 Nf6 4.e5 Nfd7 5.f4 c5 6.c3 Nc6 7.Ndf3 Qb6 8.g3 Be7
9.Bh3 O-O 10.Ne2 cxd4 11.cxd4 f6 12.Bxe6+ Kh8 13.exf6 Nxf6 14.Bxc8 Bb4+ 15.Kf1 Raxc8
16.Kg2 Ne4 17.Rf1 Ne7 18.Ne5 Rc7 19.Rf3 Rfc8 20.Rb3 Rc2 21.Nd3 a5 22.Ne1 Qxd4
23.Qxd4 Rxe2+ 24.Kf3 Rxe1 25.a3 Rc2 26.axb4 Rf1+ 27.Kg4 Rxh2 28.Qxe4 dxe4
29.bxa5 h5+ 30.Kg5 Rc2 31.Kxh5 Kh7 32.Rxb7 Ng8 33.g4 e3 34.Bxe3 Rxa1 35.Bd4 Rh2+
36.Kg5 Rxa5+ 37.f5 Ra4 38.b4 Rd2 39.Rxg7+ Kh8 40.Rd7+ Nf6 41.Bxf6+  1-0

[Event "Chinese League"]
[Site "Qingdao CHN"]
[Date "2011.10.26"]
[Round "13"]
[White "Wen Yang"]
[Black "Wei Yi"]
[Result "1-0"]
[WhiteElo "2545"]
[BlackElo "2270"]

1.d4 Nf6 2.c4 e6 3.g3 d5 4.Nf3 dxc4 5.Bg2 c5 6.O-O Nc6 7.Qa4 Bd7 8.dxc5 Na5
9.Qc2 Bxc5 10.Ne5 Qc8 11.Nxd7 Nxd7 12.Qc3 Nc6 13.Qxg7 Bd4 14.Qh6 Nde5 15.Nc3 Qd7
16.Bg5 Ng4 17.Qh5 h6 18.Bh4 Nf6 19.Qb5 Bxc3 20.bxc3 Nd5 21.Qxc4 Ne5 22.Qd4 Ng6
23.Rad1 Rg8 24.c4 Nb6 25.Qc5  1-0

[Event "Chinese League"]
[Site "Qingdao CHN"]
[Date "2011.10.28"]
[Round "15"]
[White "Wei Yi"]
[Black "Xiu,D"]
[Result "0-1"]
[WhiteElo "2270"]
[BlackElo "2508"]

1.e4 c5 2.Nf3 d6 3.d4 cxd4 4.Nxd4 Nf6 5.Nc3 a6 6.Be3 e5 7.Nb3 Be7 8.Qd2 Ng4
9.Bc4 Be6 10.Bd5 Nc6 11.O-O O-O 12.Rad1 Nxe3 13.Qxe3 Bg5 14.Qe2 Qc7 15.a3 Rad8
16.Rd3 Bh6 17.Kh1 Ne7 18.Rfd1 Kh8 19.f3 b5 20.Qf2 Bc8 21.Na2 Nxd5 22.exd5 f5
23.Nb4 Qf7 24.Qh4 Qg6 25.Nc6 Bg5 26.Qg3 Rde8 27.h4 Bf6 28.Qxg6 hxg6 29.g3 e4
30.Re3 exf3 31.Rxf3 Bxb2 32.Nbd4 Re4 33.Rb3 Bxd4 34.Rxd4 Re1+ 35.Kg2 Re2+
36.Kf3 Rxc2 37.Re3 Kh7 38.Ne7 Bd7 39.Rd1 f4 40.gxf4 Rc4 41.f5 Bxf5 42.Nxf5 Rxf5+
43.Kg3 Rc5 44.Red3 Kh6 45.Kg4 Rc4+ 46.Kg3 Kh5 47.Rd4 Rc3+ 48.R1d3 Rxd3+ 49.Rxd3 g5
50.hxg5 Kxg5 51.Rd4 Kf6 52.a4 Ke5 53.Rg4 Kxd5 54.axb5 axb5 55.Rxg7 b4 56.Kg4 Re5
57.Kf4 b3  0-1

[Event "11th Aeroflot Open B"]
[Site "Moscow RUS"]
[Date "2012.02.07"]
[Round "1"]
[White "Sundararajan,K"]
[Black "Wei Yi"]
[Result "1-0"]
[WhiteElo "2474"]
[BlackElo "2331"]

1.c4 Nf6 2.g3 e6 3.Bg2 d5 4.Nf3 Be7 5.O-O O-O 6.b3 b6 7.Bb2 Bb7 8.e3 c5 9.Nc3 Nbd7
10.Qe2 Rc8 11.Rac1 Ne4 12.Rfd1 Bf6 13.cxd5 Bxd5 14.Nxd5 Bxb2 15.Rc2 exd5
16.Rxb2 Qe7 17.Rc2 Ne5 18.d3 Nf6 19.Nxe5 Qxe5 20.d4 cxd4 21.Rxd4 g6 22.Bh3 Rc5
23.b4 Rc7 24.Rxc7 Qxc7 25.Qb2 Re8 26.Rd1 Qe5 27.Qxe5 Rxe5 28.a3 Re7 29.Rc1 Ne4
30.Rc6 f5 31.Bf1 Nd2 32.Ba6 d4 33.exd4 Nf3+ 34.Kg2 Nxd4 35.Rc8+ Kf7 36.a4 Re8
37.Rc4 Ne6 38.a5 bxa5 39.bxa5 Ke7 40.Rh4 h5 41.Rb4 Nc5 42.Be2 Kf6 43.Rb2 Ke5
44.h4 Kf6 45.Rc2 Nb3 46.Rc6+ Kg7 47.Bd1 Nd2 48.Rc7+ Kf6 49.Rxa7 Re1 50.Bf3 Ne4
51.Ra6+ Kf7 52.Rc6 Ra1 53.a6 Ra2 54.Bxe4 fxe4 55.Kf1 Kg7 56.Ke1 Kf7 57.Rc7+ Kf6
58.a7 Kf5 59.Kd1 Kg4 60.Rf7 g5 61.Rg7 Kf3 62.hxg5 Ra1+ 63.Kc2 Kxf2 64.g6 e3
65.Rf7+ Kg2 66.Kd3  1-0

[Event "11th Aeroflot Open B"]
[Site "Moscow RUS"]
[Date "2012.02.08"]
[Round "2"]
[White "Wei Yi"]
[Black "Gomez,Joh"]
[Result "1-0"]
[WhiteElo "2331"]
[BlackElo "2506"]

1.e4 e6 2.d4 d5 3.Nd2 Nf6 4.e5 Nfd7 5.f4 c5 6.c3 Nc6 7.Ndf3 Be7 8.Bd3 cxd4
9.cxd4 Nb6 10.Ne2 Bd7 11.O-O Rc8 12.Rf2 h5 13.Nc3 g6 14.a3 Na5 15.Ng5 Nbc4
16.b4 Nc6 17.Bxc4 dxc4 18.Nge4 Kf8 19.Bb2 a5 20.b5 Nb4 21.axb4 axb4 22.Nd6 bxc3
23.Bxc3 Bxd6 24.exd6 Rh7 25.d5 Qb6 26.dxe6 fxe6 27.Qe1 Qxb5 28.Ra5 Qb6 29.Rg5 Kf7
30.f5 gxf5 31.Qe5  1-0

[Event "11th Aeroflot Open B"]
[Site "Moscow RUS"]
[Date "2012.02.09"]
[Round "3"]
[White "Krapivin,A"]
[Black "Wei Yi"]
[Result "0-1"]
[WhiteElo "2445"]
[BlackElo "2331"]

1.e4 c5 2.Nc3 Nc6 3.g3 g6 4.Bg2 Bg7 5.d3 d6 6.Be3 Rb8 7.Qd2 b5 8.f4 b4 9.Nd1 e6
10.Nf3 Nge7 11.O-O O-O 12.a3 a5 13.axb4 axb4 14.d4 cxd4 15.Nxd4 Nxd4 16.Bxd4 e5
17.Ba7 Ra8 18.Nf2 Be6 19.f5 Bc4 20.Rfd1 Qc7 21.Be3 Rxa1 22.Rxa1 gxf5 23.Ra7 Qd8
24.Qxb4 Be6 25.Ra6 Nc8 26.c4 f4 27.gxf4 exf4 28.Bxf4 Qf6 29.Bc1 Qh4 30.Ra3 Be5
31.h3 Kh8 32.Rf3 Rg8 33.c5 Ne7 34.cxd6 Nc6 35.Qc5 Qh5 36.Kf1 Nd4 37.Bf4 Nxf3
38.Bxf3 Qxf3 39.Bxe5+ f6 40.Bd4 Rc8 41.Qg5 Bc4+ 42.Kg1 Rg8 43.Qxg8+ Kxg8
44.d7 Qg3+ 45.Kh1 Qd6 46.Ng4 Qxd4  0-1

[Event "11th Aeroflot Open B"]
[Site "Moscow RUS"]
[Date "2012.02.10"]
[Round "4"]
[White "Wei Yi"]
[Black "Mozharov,M"]
[Result "1/2-1/2"]
[WhiteElo "2331"]
[BlackElo "2478"]

1.e4 c5 2.Nf3 e6 3.d4 cxd4 4.Nxd4 Nc6 5.Nc3 Qc7 6.Be3 Nf6 7.Qd2 Nxd4 8.Qxd4 Ng4
9.Nb5 Qc6 10.e5 Nxe3 11.fxe3 Bc5 12.Nd6+ Qxd6 13.exd6 Bxd4 14.exd4 b6 15.Bd3 Bb7
16.O-O O-O 17.c4 a5 18.Rac1 Rac8 19.Rc3 Ba6 20.Rfc1 f5 21.c5 Bxd3 22.Rxd3 Rc6
23.a3 a4 24.Rc4 bxc5 25.dxc5 Ra8 26.b4 axb3 27.Rxb3 Kf7 28.Rb7 Ke8 29.a4 Rac8
30.a5 Ra6 31.Rb5 Kf7 32.Rb7 Ke8 33.Rb5 Kf7 34.Rb7 Ke8 35.Rb5  1/2-1/2

[Event "11th Aeroflot Open B"]
[Site "Moscow RUS"]
[Date "2012.02.11"]
[Round "5"]
[White "Artemiev,V"]
[Black "Wei Yi"]
[Result "1/2-1/2"]
[WhiteElo "2439"]
[BlackElo "2331"]

1.c4 e6 2.Nf3 Nf6 3.g3 Be7 4.Bg2 O-O 5.O-O d5 6.b3 c5 7.Bb2 Nc6 8.e3 b6 9.Nc3 Bb7
10.cxd5 Nxd5 11.Nxd5 Qxd5 12.d4 Qd8 13.dxc5 Bxc5 14.Ne5 Nxe5 15.Bxb7 Rb8
16.Be4 Ng6 17.Qe2 Qe7 18.Rad1 Rfd8 19.h4 Nf8 20.Kg2 Rxd1 21.Rxd1 Rd8 22.Rxd8 Qxd8
23.Qg4 g6 24.Qf4 Be7 25.Qe5 f6 26.Qc3 Kf7 27.b4 Qd6 28.a3 h5 29.Qc8 Qd8 30.Qb7 Qd7
31.Qa8 Qc7 32.Bc6 Nd7 33.Bb5 Nb8 34.Qe4 Nd7 35.Qa8 Nb8 36.Kg1 Bd8 37.Kf1 Be7
38.Bd4 Bd8 39.e4 Nd7 40.Kg2 Ne5 41.Ba6 Qd7 42.Bc3 Qc6 43.Qxc6 Nxc6 44.Bb5 Ne7
45.Bd7 a5 46.Bd4 Bc7 47.bxa5 bxa5 48.Bc5 g5 49.hxg5 fxg5  1/2-1/2

[Event "11th Aeroflot Open B"]
[Site "Moscow RUS"]
[Date "2012.02.12"]
[Round "6"]
[White "Wei Yi"]
[Black "Ismagambetov,An"]
[Result "1/2-1/2"]
[WhiteElo "2331"]
[BlackElo "2476"]

1.e4 e6 2.d4 d5 3.Nc3 Bb4 4.a3 Bxc3+ 5.bxc3 dxe4 6.Qg4 Nf6 7.Qxg7 Rg8 8.Qh6 Nbd7
9.Ne2 c5 10.g3 Rg6 11.Qe3 b6 12.Bg2 Bb7 13.O-O Qc7 14.Nf4 Rg8 15.Qe2 O-O-O
16.Nh5 Nd5 17.Bd2 f5 18.Nf4 Qd6 19.Rfd1 Nc7 20.Be3 Qe7 21.a4 e5 22.dxe5 Nxe5
23.a5 Nf3+ 24.Kh1 Ba6 25.c4 Rxd1+ 26.Rxd1 Rd8 27.axb6 axb6 28.h4 Rxd1+ 29.Qxd1 Bxc4
30.Bxf3 exf3 31.Qxf3 Ba6 32.Kh2 Bb7 33.Qd1 Qe4 34.Bc1 h5 35.Bb2 Bc6 36.Bf6 Kb7
37.Bb2 b5 38.c3 Ne8 39.Ba3 c4 40.Bc5 Nf6 41.Kh3 Nd7 42.Bd4 Nb6 43.Kh2 Na4
44.f3 Qxf3 45.Qxf3 Bxf3 46.Kg1 Bg4 47.Nd5 Kc6 48.Nb4+ Kd6 49.Kf2 Nc5 50.Bxc5+ Kxc5
51.Ke3 Kb6 52.Kd4 Ka5 53.Ke3 Ka4 54.Kd2 Bf3 55.Ke3 Kb3 56.Kd2 Bb7 57.Nc2  1/2-1/2